| 000 | 00426nam a2200181Ia 4500 | ||
|---|---|---|---|
| 005 | 20250423094745.0 | ||
| 008 | 250422s9999 xx 000 0 und d | ||
| 020 | _a0-7642-2038-1 | ||
| 050 | _aPZ 7 .S677 C53/ | ||
| 100 | _aSnelling, Lauraine | ||
| 245 | 0 | _aClass act | |
| 260 | _aMinnesota | ||
| 260 | _bBethany House Publishers | ||
| 260 | _c2000 | ||
| 300 | _a174 p | ||
| 650 | _aFamily life- Fiction | ||
| 942 | _cBK | ||
| 999 |
_c28202 _d28202 |
||